000 00193nam a2200073Ia 4500
008 170523s9999 xx 000 0 und d
100 _aGerez- Sabih H.
245 0 _aAlgorithms for VLSI Design Automation
260 _aWiley India
999 _c12292
_d12292